Представление документа в формате RUSMARC

ПолеНазваниеЗначение
  Тип записи a
  Библиографический уровень m
001 Контрольный номер RU/SLIB/B/208743017
005 Дата корректировки 20201206204102.7
010 Индекс ISBN __
d Цена 0-35
101 Язык документа __
a Язык текста rus
200 Заглавие и сведения об ответственности __
a Заглавие Ликвидация аварий в главных схемах электрических соединений станций и подстанций
f Первые сведения об ответственности Филатов А. А.
b Общее обозначение материала Текст
210 Выходные данные __
a Место издания М.
c Издательство Энергоатомиздат
d Дата издания 1983
215 Физическое описание __
a Объем 112 с.
225 Серия __
a Серия Библиотека электромонтера
h Номер части вып. 542
606 Тематические рубрики __
a Основная рубрика Энергетика
606 Тематические рубрики __
a Основная рубрика Электрические станции и подстанции
610 Ключевые слова __
a Ключевые слова подстанции; аварии; электросхемы; электроэнергетика; ликвидация аварий; электрические соединения; схемы электрических соединений; электростанции
686 Индексы других классификаций __
a Классификационный индекс 31.277.1
700 Автор __
a Фамилия Филатов
b Имя А. А.
4 Код отношения 070
801 Источник записи _0
a Страна RU
b Организация Муниципальное бюджетное учреждение культуры "Централизованная библиотечная система" г. Сургут (Центральная городская библиотека им. А. С. Пушкина)
g Правила каталогизации КиК/Елгина
801 Источник записи _1
a Страна RU
b Организация Муниципальное бюджетное учреждение культуры "Централизованная библиотечная система" г. Сургут (Центральная городская библиотека им. А. С. Пушкина)
g Правила каталогизации КиК/Елгина
852 Данные о местонахождении __
j Шифр хранения 31.277.1
c Каталожный индекс 31.277.1
i Авторский знак Ф 51
p Инвентарный номер 16572
901 Тип документа __
t Тип документа m
990 Данные о заказе (DOS) __
j Количество экземпляров (DOS) 1